000 00450nam a2200205Ia 4500
001 12053
003 GE_BSU
008 181216s||||||||xx |||||||||||||| ||und||
020 _a9780330493635
040 _cGE_BSU
080 _a821.111-312.4
100 _aHewson,David
245 2 _aA season for the dead
260 _aLondon
260 _bPan Books
260 _c2003.
300 _a473p;18cm.
653 _aA season for the dead
942 _cBK
999 _c45230
_d45230